Online Catalogue and eLibrary

An annotated Bibliography on violence against women in Sri Lanka (Record no. 637)

MARC details
000 -LEADER
fixed length control field 00260nam a2200097Ia 4500
008 - FIXED-LENGTH DATA ELEMENTS--GENERAL INFORMATION
fixed length control field 240331s9999 xx 000 0 und d
082 ## - DDC Classification
Class No. 016.3054
Item Number - Author Mark HUS
100 ## - MAIN ENTRY--PERSONAL NAME
Personal name Hussein, A
245 #3 - TITLE STATEMENT
Title An annotated Bibliography on violence against women in Sri Lanka
942 ## - Koha item type (Biblio)
Koha item type Books in Stacks (Lending)
Holdings
Lost status Damaged status Collection code Home library Current library Shelving location Date acquired Full call number Accession Number Item type
    Lending WERC Library WERC Library Social Science Cupboard 03/31/2024 016.3054 HUS 2975 Books in Stacks (Lending)

© WERC Library